Los que dijeron No: historia del movimiento de los marinos antigolpistas de 1973

Պահպանված է:
Մատենագիտական մանրամասներ
Հիմնական հեղինակ: Magasich-Airola, Jorge (autor)
Ձևաչափ: Գիրք
Լեզու:իսպաներեն
Հրապարակվել է: Santiago LOM 2008
Հրատարակություն:1a. ed
Շարք:Colección Historia
Խորագրեր:
Ցուցիչներ: Ավելացրեք ցուցիչ
Չկան պիտակներ, Եղեք առաջինը, ով նշում է այս գրառումը!

MARC

LEADER 00000nam a2200000 a 4500
001 UCI7042
003 CL-VaPUC
008 080605e20080000CL |||||||||||||||||spa|d
020 |a 9789562829694v.1 
020 |a 9789562829687v.2 
082 0 4 |a 359.00983  |b MAG  |2 21 
100 |a Magasich-Airola, Jorge  |e autor  |9 530148 
245 1 4 |a Los que dijeron No: historia del movimiento de los marinos antigolpistas de 1973 
250 |a 1a. ed 
300 |a v 
942 |c BK 
945 |d 20080605 00:00:00  |a jtorresc 
260 |a Santiago  |b LOM  |c 2008 
650 0 |a Historia naval  |9 268284 
650 7 |a OPERACIONES NAVALES  |2 CL-VaPUC  |9 494907 
650 0 |a Fuerzas Armadas  |9 255504 
650 7 |a ESTRATEGIAS NAVALES  |2 CL-VaPUC  |9 391815 
650 7 |a CRISIS POLITICA  |2 CL-VaPUC  |9 327740 
650 0 |a Ejército de Chile  |9 317781 
650 0 |a Golpe de estado  |9 264543 
650 0 |a Democracia  |9 255256 
650 0 |a Política y gobierno  |9 255151 
651 7 |a CHILE  |2 CL-VaPUC  |9 530149 
583 |a last modification  |c 20080605 00:00:00  |k Rodrigo Vera 
490 0 |a Colección Historia 
999 |c 330441  |d 330439 
952 |0 0  |1 0  |4 0  |6 359_009830000000000_MAG_2008  |7 0  |8 A  |9 415979  |a BIBHIS  |b BIBHIS  |d 2019-11-22  |h v.1  |i 4445228  |o 359.00983 MAG 2008  |p 4445228  |r 2025-01-20  |w 2019-11-22  |y BK  |k HIS 
952 |0 0  |1 0  |4 0  |6 359_009830000000000_MAG_2008  |7 0  |8 A  |9 415980  |a BIBHIS  |b BIBHIS  |d 2019-11-22  |h v.2  |i 4445236  |o 359.00983 MAG 2008  |p 4445236  |r 2025-01-20  |w 2019-11-22  |y BK  |k HIS 
952 |0 0  |1 0  |4 0  |6 359_009830000000000_MAG_2008  |7 0  |8 A  |9 415981  |a BIBHIS  |b BIBHIS  |d 2019-11-22  |h v.1  |i 4481925  |o 359.00983 MAG 2008  |p 4481925  |r 2025-01-20  |w 2019-11-22  |y BK  |k HIS 
952 |0 0  |1 0  |4 0  |6 359_009830000000000_MAG_2008  |7 0  |8 A  |9 415982  |a BIBHIS  |b BIBHIS  |d 2019-11-22  |h v.2  |i 4481933  |o 359.00983 MAG 2008  |p 4481933  |r 2025-01-20  |w 2019-11-22  |y BK  |k HIS